Dental caries prevention using traditional medicinal plantsof Bangladesh / (Record no. 82938)
[ view plain ]
| 000 -LEADER | |
|---|---|
| fixed length control field | 00957nam a22002417a 4500 |
| 001 - CONTROL NUMBER | |
| RUCL Control Number | 82938 |
| 003 - CONTROL NUMBER IDENTIFIER | |
| rucl marc code | BD-RjUL |
| 005 - DATE AND TIME OF LATEST TRANSACTION | |
| control field | 20240204160423.0 |
| 008 - FIXED-LENGTH DATA ELEMENTS--GENERAL INFORMATION | |
| fixed length control field | 240204s2018 bg a|||| m||| 00| 0 eng d |
| 035 ## - SYSTEM CONTROL NUMBER | |
| system control number | (BD-RjUL)82938 |
| 040 ## - CATALOGING SOURCE | |
| Original cataloging agency | BD-RjUL |
| Language of cataloging | eng |
| Transcribing agency | BD-RjUL |
| Modifying agency | BD-RjUL |
| 041 ## - LANGUAGE CODE | |
| Language code of Book | eng |
| 082 ## - DEWEY DECIMAL CLASSIFICATION NUMBER | |
| DDC Edition number | 23 |
| Classification number | 615.88095492 |
| Author mark and Year | SAD 2018 |
| 100 ## - MAIN ENTRY--PERSONAL NAME | |
| Personal name | Saha, Arup Kumar |
| 9 (RLIN) | 11417 |
| 245 10 - TITLE STATEMENT | |
| Title | Dental caries prevention using traditional medicinal plantsof Bangladesh / |
| Statement of responsibility, etc | By Arup, Kumar Saha ; |
| Name of Supervisor/Co-Supervisor | Supervisor : Md.Ekramul Haque |
| 260 ## - PUBLICATION, DISTRIBUTION, ETC. (IMPRINT) | |
| Place of publication, distribution, etc | Rajshahi : |
| Name of publisher, distributor, etc | Institute of Biological Sciences, University of Rajshahi, |
| Date of publication, distribution, etc | 2018 |
| 300 ## - PHYSICAL DESCRIPTION | |
| Pagination | xiv, 178 leaves : |
| Other physical details | ill, ; |
| Dimensions | 29.cm. |
| 504 ## - BIBLIOGRAPHY, ETC. NOTE | |
| Bibliography, etc | Thesis (Ph. D.) -- Institute of Biological Sciences, University of Rajshahi, 2018 |
| 505 ## - FORMATTED CONTENTS NOTE | |
| Formatted contents note | References : Leaves 130 - 172 |
| 650 ## - SUBJECT ADDED ENTRY--TOPICAL TERM | |
| Topical term or geographic name as entry element | Traditional rmedicidies |
| Form subdivision | Pharmacology and therapeutics |
| Geographic subdivision | Bangladesh |
| 9 (RLIN) | 11418 |
| 700 ## - ADDED ENTRY--SUPERVISOR/CO-SUPERVISOR NAME | |
| Personal name | Haque, Md. Ekramul, Supervisor |
| 9 (RLIN) | 10174 |
| 942 ## - ADDED ENTRY ELEMENTS (KOHA) | |
| Source of classification or shelving scheme | Dewey Decimal Classification |
| Koha item type | Theses |
| Source of classification or shelving scheme | Damaged status | Not for loan | Collection code | Permanent Location | Current Location | Shelving location | Date of accession | Source of acquisition | Total Checkouts | Full call number | Barcode | Date last seen | Copy number | Thesis |
|---|---|---|---|---|---|---|---|---|---|---|---|---|---|---|
| Dewey Decimal Classification | Not For Loan | Theses | Central Library, University of Rajshahi | Central Library, University of Rajshahi | Documentation Section | 06/05/2019 | Controller of Exam. R. U. | THE 615.88095492 SAD 2018 | D4306 | 04/02/2024 | C-1 | Theses |